000 00590nam a2200217Ia 4500
003 OSt
005 20220928144053.0
006 a|||||r|||| 00| 0
007 ta
008 220927b |||||||| |||| 00| 0 eng d
024 _a24043
037 _cTextual
040 _aSDCL
_cSDCL
_beng
041 _2eng
_aeng
082 _aQ11:g, M8
100 _aRay Pramod Ranjan
_9506726
245 0 _aPoetic vocables in the family manadalas of the rv (ii-vii) an etymological study.
260 _c1988
942 _hQ11:g, M8
_cTEXL
_2CC
999 _c825968
_d825968